000 00361nam a2200169Ia 4500
100 _aFoot/Christopher J
650 _aAtomic Physics
942 _cRB
366 _f20
654 _aatomic physics
245 _aAtomic Physics
260 _bAne Books India
_aMumbai
_c2008
082 _a547.2/FOO
_bFOO
300 _a210
546 _aENGLISH
999 _c29667
_d29667